Applied ecology abstracts.

Bibliographic Details
New Title:Ecology abstracts
Corporate Author: Information Retrieval Limited
Format: Serial
Language:English
Published: London, Arlington, Va. : Information Retrieval Ltd..
Subjects:
Online Availability: Check for online availability

MARC

Tag First Indicator Second Indicator Subfields
LEADER 00000cas a2200000 4500
001 in00000060029
005 20151008051038.0
008 751230d19751979enkmr a 0 a0eng
010 |a  75645958  
016 7 |a 9879341  |2 DNLM 
016 7 |a A57580000  |2 DNLM 
019 |a 1204900  |a 2251097 
022 0 |a 0305-3040  |2 z 
029 1 |a NLM  |b 9879341 
029 1 |a NLGGC  |b 750003332 
029 1 |a NZ1  |b 4096500 
029 1 |a AU@  |b 000000987429 
029 1 |a AU@  |b 000021792041 
029 1 |a AU@  |b 000023961662 
035 |a (OCoLC)ocm02242772 
035 |a (OCoLC)02242772 
035 |9 AAG5267AM 
035 |a (OCoLC)2242772  |z (OCoLC)1204900  |z (OCoLC)2251097 
040 |a DLC  |c DLC  |d NSD  |d DLC  |d OCL  |d NST  |d SER  |d OCL  |d IUL  |d OCLCQ  |d NLM  |d NLGGC  |d LGG  |d UtOrBLW 
042 |a lc  |a nsdp 
049 |a TXAM 
050 0 0 |a QH540  |b .A66 
050 4 |a Z5354.E1  |b A66 
222 0 |a Applied ecology abstracts 
245 0 0 |a Applied ecology abstracts. 
264 1 |a London,  |a Arlington, Va. :  |b Information Retrieval Ltd.. 
300 |a 5 volumes ;  |c 23 cm. 
310 |a Monthly 
336 |a text  |b txt  |2 rdacontent 
337 |a unmediated  |b n  |2 rdamedia 
338 |a volume  |b nc  |2 rdacarrier 
362 0 |a v. 1-5; Jan. 1975-Dec. 1979. 
500 |a Monthly. 
650 0 |a Ecology  |v Abstracts  |v Periodicals. 
650 0 |a Applied ecology  |v Abstracts  |v Periodicals. 
650 1 7 |a Ecologie.  |2 gtt 
650 0 |a Ecology  |x Abstracts  |x Periodicals. 
710 2 |a Information Retrieval Limited. 
785 0 0 |t Ecology abstracts  |x 0143-3296  |w (DLC) 80645917  |w (OCoLC)6028595 
850 |a ArU  |a AzTeS  |a CSt  |a CU-SB  |a CaNBFU  |a CaOOG  |a CaOWtU  |a CaQMU  |a CaSRU  |a CaSSU  |a DGW  |a DLC  |a DNAL  |a FMU  |a GU  |a INS  |a InU  |a KU  |a LNU  |a LU 
850 |a MdU  |a MoU  |a MsSM  |a NcD  |a NcRS  |a OU  |a OkS  |a TxArU  |a TxCM  |a ULA  |a WyU 
936 |a Unknown Dec. 1979 
949 |a updated  |b h  |c 2009/8/10  |e spoltoratski  |f 10:44:16 am 
994 |a C0  |b TXA 
999 |a MARS 
999 f f |s 7ba95ea0-7788-3112-a6a4-5cae6f8e3f4c  |i 7dbb1059-be65-3fc0-9c32-fb54a3c07d86  |t 0 
952 f f |p ric  |a Texas A&M University  |b Rellis Campus  |c Joint Library Facility  |d Remote Storage  |t 0  |e QH540 .A66  |h Library of Congress classification  |i unmediated -- volume  |k v.2:no.5-8  |l 1976:May-Aug.  |m A14837203377 
952 f f |p ric  |a Texas A&M University  |b Rellis Campus  |c Joint Library Facility  |d Remote Storage  |t 0  |e QH540 .A66  |h Library of Congress classification  |i unmediated -- volume  |k v.1:no.9-12  |l 1975:Sept.-Dec.  |m A14837203961 
952 f f |p ric  |a Texas A&M University  |b Rellis Campus  |c Joint Library Facility  |d Remote Storage  |t 0  |e QH540 .A66  |h Library of Congress classification  |i unmediated -- volume  |k v.4:no.5-8  |l 1978:May-Aug.  |m A14837203301 
952 f f |p ric  |a Texas A&M University  |b Rellis Campus  |c Joint Library Facility  |d Remote Storage  |t 0  |e QH540 .A66  |h Library of Congress classification  |i unmediated -- volume  |k v.5:Index  |l 1979  |m A14837203181 
952 f f |p ric  |a Texas A&M University  |b Rellis Campus  |c Joint Library Facility  |d Remote Storage  |t 0  |e QH540 .A66  |h Library of Congress classification  |i unmediated -- volume  |k v.4:no.9-12  |l 1978:Sept.-Dec.  |m A14837203262 
952 f f |p ric  |a Texas A&M University  |b Rellis Campus  |c Joint Library Facility  |d Remote Storage  |t 0  |e QH540 .A66  |h Library of Congress classification  |i unmediated -- volume  |k v.1:no.5-8  |l 1975:May-Aug.  |m A14837204006 
952 f f |p ric  |a Texas A&M University  |b Rellis Campus  |c Joint Library Facility  |d Remote Storage  |t 0  |e QH540 .A66  |h Library of Congress classification  |i unmediated -- volume  |k v.2:no.1-4  |l 1976:Jan.-Apr.  |m A14837203416 
952 f f |p ric  |a Texas A&M University  |b Rellis Campus  |c Joint Library Facility  |d Remote Storage  |t 0  |e QH540 .A66  |h Library of Congress classification  |i unmediated -- volume  |k v.2:no.9-12  |l 1976:Sept.-Dec.  |m A14837203335 
952 f f |p ric  |a Texas A&M University  |b Rellis Campus  |c Joint Library Facility  |d Remote Storage  |t 0  |e QH540 .A66  |h Library of Congress classification  |i unmediated -- volume  |k v.1:Index  |m A14837203929 
952 f f |p ric  |a Texas A&M University  |b Rellis Campus  |c Joint Library Facility  |d Remote Storage  |t 0  |e QH540 .A66  |h Library of Congress classification  |i unmediated -- volume  |k v.2:Index  |l 1976  |m A14837203296 
952 f f |p ric  |a Texas A&M University  |b Rellis Campus  |c Joint Library Facility  |d Remote Storage  |t 0  |e QH540 .A66  |h Library of Congress classification  |i unmediated -- volume  |k v.5:no.1-4  |l 1979:Jan.-Apr.  |m A14837203173 
952 f f |p ric  |a Texas A&M University  |b Rellis Campus  |c Joint Library Facility  |d Remote Storage  |t 0  |e QH540 .A66  |h Library of Congress classification  |i unmediated -- volume  |k v.4:Index  |l 1978  |m A14837203220 
952 f f |p ric  |a Texas A&M University  |b Rellis Campus  |c Joint Library Facility  |d Remote Storage  |t 0  |e QH540 .A66  |h Library of Congress classification  |i unmediated -- volume  |k v.3:no.5-8  |l 1977:May-Aug.  |m A14837203212 
952 f f |p ric  |a Texas A&M University  |b Rellis Campus  |c Joint Library Facility  |d Remote Storage  |t 0  |e QH540 .A66  |h Library of Congress classification  |i unmediated -- volume  |k v.5:no.5-8  |l 1979:May-Aug.  |m A14837203131 
952 f f |p ric  |a Texas A&M University  |b Rellis Campus  |c Joint Library Facility  |d Remote Storage  |t 0  |e QH540 .A66  |h Library of Congress classification  |i unmediated -- volume  |k v.3:no.1-4  |l 1977:Jan.-Apr.  |m A14837203254 
952 f f |p ric  |a Texas A&M University  |b Rellis Campus  |c Joint Library Facility  |d Remote Storage  |t 0  |e QH540 .A66  |h Library of Congress classification  |i unmediated -- volume  |k v.4:no.1-4  |l 1978:Jan.-Apr.  |m A14837203343 
952 f f |p ric  |a Texas A&M University  |b Rellis Campus  |c Joint Library Facility  |d Remote Storage  |t 0  |e QH540 .A66  |h Library of Congress classification  |i unmediated -- volume  |k v.5:no.9-12  |l 1979:Sept.-Dec.  |m A14837203092 
952 f f |p ric  |a Texas A&M University  |b Rellis Campus  |c Joint Library Facility  |d Remote Storage  |t 0  |e QH540 .A66  |h Library of Congress classification  |i unmediated -- volume  |k v.1:no.1-4  |l 1975:Jan.-Apr.  |m A14837204048 
952 f f |p ric  |a Texas A&M University  |b Rellis Campus  |c Joint Library Facility  |d Remote Storage  |t 0  |e QH540 .A66  |h Library of Congress classification  |i unmediated -- volume  |k v.3:no.9-12  |l 1977:Sept.-Dec.  |m A14837203424 
952 f f |p ric  |a Texas A&M University  |b Rellis Campus  |c Joint Library Facility  |d Remote Storage  |t 0  |e QH540 .A66  |h Library of Congress classification  |i unmediated -- volume  |k v.3:Index  |l 1977  |m A14837203385 
998 f f |a QH540 .A66  |s v.1-5 (1975-1979)  |t 0  |l Remote Storage